000 00533nam a22002057a 4500
005 20190402102439.0
008 190402b xxu||||| |||| 00| 0 eng d
020 _a978052169624
_cRs. 595.0
040 _aLoreto College
041 _aEnglish
082 _a515.8
_bCAR
100 _aCarothers, N.L.
245 _aReal analysis
_cN.L.Carothers
260 _aCambridge
_bCamberidge University Press
_c2006
300 _a401 P.
_b24 cm.
504 _aTopic index
650 _aReal Analysis
850 _aLCLIB
942 _cBK
999 _c42045
_d92524